000 00610nam a22001811a 4500
001 10381
003 OSt
005 20260204212156.0
008 081211s1985||||dr ||||||b||||||||||spa||
050 _aRD 658.7293 A12p
110 _aAcademia de Ciencia de la República Dominicana
245 _aPrimera jornada de ciencias administrativas: teorías y estilos de administración; aplicación de la República Dominicana
264 _aSanto Domingo : Tiempo
300 _a227 p
490 _aColección ciencias administrativas Vol. 1
650 _aAdministración - República DominicanaÌ
942 _2ddc
_cBK
999 _c10381
_d10381